00297pab a2200121 454500008004000000100001300040245005500053260000900108300000800117362001000125650002800135773001200163180718b1995 xxu||||| |||| 00| 0 eng d aJagmohan aLiving in a vacuumbspirituality and modern state. c1995 ap.6 a6 Dec aSocial problems - India aTribune